书目信息 |
| 题名: |
教育本质与规律
|
|
| 作者: | 洪宝书 著 | |
| 分册: | ||
| 出版信息: | 成都 成都科技大学出版社 1992.12 |
|
| 页数: | 342页 | |
| 开本: | 19cm | |
| 丛书名: | ||
| 单 册: | ||
| 中图分类: | G40-011 | |
| 科图分类: | 38.103 | |
| 主题词: | 教育理论 | |
| 电子资源: | ||
| ISBN: | 7-5616-1588-4 | |
| 000 | 00819nam0 2200253 45 | |
| 001 | 0193041678 | |
| 005 | 20070723163528.81 | |
| 010 | @a7-5616-1588-4@dCNY5.50 | |
| 100 | @a19930919d1992 emky0chiy0121 ea | |
| 101 | 0 | @achi |
| 102 | @aCN@b510000 | |
| 105 | @ay z 000yy | |
| 200 | 10 | @a教育本质与规律@AJIAO YU BEN ZHI YU GUI LV@f洪宝书著@FHONG BAO SHU ZHU |
| 210 | @a成都@c成都科技大学出版社@d1992.12 | |
| 215 | @a342页@d19cm | |
| 304 | @a洪宝书(1941- ),攀枝花大学副校长、高教研究室主任、副研究员 | |
| 330 | @a本书论述了教育的本质、教学过程的本质、教育的基本规律和德智体美劳5育的关系等问题。 | |
| 540 | 1 | @a教育 规律@AJIAO YU GUI LV |
| 606 | @a教育理论 | |
| 690 | @aG40-011@v三版 | |
| 692 | @a38.103 | |
| 701 | 0 | @a洪宝书@AHONG BAO SHU@4著 |
| 801 | 0 | @aCN@bTSSF@c20070723 |
| 905 | @a10447@dG40-011@e415 | |
| 教育本质与规律/洪宝书著.-成都:成都科技大学出版社,1992.12 |
| 342页;19cm |
| ISBN 7-5616-1588-4:CNY5.50 |
| 本书论述了教育的本质、教学过程的本质、教育的基本规律和德智体美劳5育的关系等问题。 |
| ● |
| 相关链接 |
|
|
|
|
正题名:教育本质与规律
索取号:G40-011/415
 
预约/预借
| 序号 | 登录号 | 条形码 | 馆藏地/架位号 | 状态 | 备注 |
| 1 | 0769933 | 207699338 | 第一样本阅览室/ [索取号:G40-011/415] | 在馆 |